| 000 -LEADER |
| fixed length control field |
00798nam a22002417a 4500 |
| 001 - CONTROL NUMBER |
| control field |
3010012576 |
| 003 - CONTROL NUMBER IDENTIFIER |
| control field |
BD-DhUAP |
| 005 - DATE AND TIME OF LATEST TRANSACTION |
| control field |
20200120105647.0 |
| 008 - FIXED-LENGTH DATA ELEMENTS--GENERAL INFORMATION |
| fixed length control field |
200120r20082007ii a|||| b||| 001 0 eng d |
| 020 ## - INTERNATIONAL STANDARD BOOK NUMBER |
| International Standard Book Number |
8177584456 |
| 040 ## - CATALOGING SOURCE |
| Original cataloging agency |
BD-DhUAP |
| Language of cataloging |
Eng |
| Transcribing agency |
BD-DhUAP |
| Modifying agency |
BD-DhUAP |
| 082 ## - DEWEY DECIMAL CLASSIFICATION NUMBER |
| Edition number |
23 |
| Classification number |
005.453 AHO |
| 100 ## - MAIN ENTRY--PERSONAL NAME |
| Personal name |
Aho, Alfred V. |
| 245 ## - TITLE STATEMENT |
| Title |
Compilers : |
| Remainder of title |
principles, techniques, and tools / |
| Statement of responsibility, etc. |
Alfred V. Aho, Ravi Sethi and Jeffrey D. Ullman. |
| 260 ## - PUBLICATION, DISTRIBUTION, ETC. |
| Place of publication, distribution, etc. |
New Delhi : |
| Name of publisher, distributor, etc. |
Pearson Education, |
| Date of publication, distribution, etc. |
c2007[Reprinted 2008]. |
| 300 ## - PHYSICAL DESCRIPTION |
| Extent |
xii, 596 pages : |
| Other physical details |
illustrations ; |
| Dimensions |
24 cm. |
| 504 ## - BIBLIOGRAPHY, ETC. NOTE |
| Bibliography, etc. note |
Includes bibliography and index. |
| 650 ## - SUBJECT ADDED ENTRY--TOPICAL TERM |
| Topical term or geographic name entry element |
Compilers (Computer programs). |
| 650 ## - SUBJECT ADDED ENTRY--TOPICAL TERM |
| Topical term or geographic name entry element |
Compiling (Electronic computers). |
| 700 ## - ADDED ENTRY--PERSONAL NAME |
| Personal name |
Sethi, Ravi. |
| 700 ## - ADDED ENTRY--PERSONAL NAME |
| Personal name |
Ullman, Jeffrey D. |
| 942 ## - ADDED ENTRY ELEMENTS (KOHA) |
| Source of classification or shelving scheme |
|
| Koha item type |
Book |